000 00293nam a22001337a 4500
008 170710b xxu||||| |||| 00| 0 eng d
020 _a0080287093
041 _aeng
080 _a05
100 _a23
101 _aENC
245 _aSYSTEM& CONTROL ENCYCLOPEDIA
_cSINGH,D.G
942 _2udc
_cBK
999 _c20154
_d20154